Ecclesiastes : (Record no. 11143)
[ view plain ]
| 000 -LEADER | |
|---|---|
| fixed length control field | 01689cam a22003738i 4500 |
| 001 - CONTROL NUMBER | |
| control field | 21044242 |
| 003 - CONTROL NUMBER IDENTIFIER | |
| control field | OSt |
| 005 - DATE AND TIME OF LATEST TRANSACTION | |
| control field | 20241016093450.0 |
| 008 - FIXED-LENGTH DATA ELEMENTS--GENERAL INFORMATION | |
| fixed length control field | 190627s2019 ilu b 000 0 eng |
| 010 ## - LIBRARY OF CONGRESS CONTROL NUMBER | |
| LC control number | 2019027286 |
| 020 ## - INTERNATIONAL STANDARD BOOK NUMBER | |
| International Standard Book Number | 9780830842650 |
| Qualifying information | (paperback) |
| 020 ## - INTERNATIONAL STANDARD BOOK NUMBER | |
| Canceled/invalid ISBN | 9780830850761 |
| Qualifying information | (ebook) |
| 040 ## - CATALOGING SOURCE | |
| Original cataloging agency | DLC |
| Language of cataloging | eng |
| Description conventions | rda |
| Transcribing agency | DLC |
| 042 ## - AUTHENTICATION CODE | |
| Authentication code | pcc |
| 050 00 - LIBRARY OF CONGRESS CALL NUMBER | |
| Classification number | REF 223.8077 H467E |
| Item number | .H45 2019 |
| 082 00 - DEWEY DECIMAL CLASSIFICATION NUMBER | |
| Classification number | REF 223.8077 H467E |
| Edition number | 23 |
| 100 1# - MAIN ENTRY--PERSONAL NAME | |
| Personal name | Heim, Knut Martin, |
| Relator term | author. |
| 9 (RLIN) | 36 |
| 245 10 - TITLE STATEMENT | |
| Title | Ecclesiastes : |
| Remainder of title | an introduction and commentary / |
| Statement of responsibility, etc. | Knut Martin Heim. |
| 263 ## - PROJECTED PUBLICATION DATE | |
| Projected publication date | 1909 |
| 264 #1 - PRODUCTION, PUBLICATION, DISTRIBUTION, MANUFACTURE, AND COPYRIGHT NOTICE | |
| Place of production, publication, distribution, manufacture | Westmont : |
| Name of producer, publisher, distributor, manufacturer | InterVarsity Press, |
| Date of production, publication, distribution, manufacture, or copyright notice | 2019. |
| 300 ## - PHYSICAL DESCRIPTION | |
| Extent | pages cm. |
| 336 ## - CONTENT TYPE | |
| Content type term | text |
| Content type code | txt |
| Source | rdacontent |
| 337 ## - MEDIA TYPE | |
| Media type term | unmediated |
| Media type code | n |
| Source | rdamedia |
| 338 ## - CARRIER TYPE | |
| Carrier type term | volume |
| Carrier type code | nc |
| Source | rdacarrier |
| 490 0# - SERIES STATEMENT | |
| Series statement | Tyndale Old Testament commentaries ; |
| Volume/sequential designation | volume 18 |
| 504 ## - BIBLIOGRAPHY, ETC. NOTE | |
| Bibliography, etc. note | Includes bibliographical references. |
| 520 ## - SUMMARY, ETC. | |
| Summary, etc. | "The book of Ecclesiastes is probably best known for its repeated refrain that "everything is meaningless," or "vanity." However, a thorough reading demonstrates that this is not its final conclusion. Knut Heim's Tyndale commentary shows that the book is intellectually sophisticated, theologically rich, emotionally deep-and full of humor"-- |
| Assigning source | Provided by publisher. |
| 630 00 - SUBJECT ADDED ENTRY--UNIFORM TITLE | |
| Uniform title | Bible. |
| Name of part/section of a work | Ecclesiastes |
| Form subdivision | Commentaries. |
| 9 (RLIN) | 37 |
| 730 02 - ADDED ENTRY--UNIFORM TITLE | |
| Uniform title | Bible. |
| Name of part/section of a work | Ecclesiastes. |
| Language of a work | English. |
| Version | Heim. |
| Date of a work | 2019. |
| 9 (RLIN) | 38 |
| 776 08 - ADDITIONAL PHYSICAL FORM ENTRY | |
| Relationship information | Online version: |
| Main entry heading | Heim, Knut Martin, |
| Title | Ecclesiastes |
| Place, publisher, and date of publication | Westmont : InterVarsity Press, 2019. |
| International Standard Book Number | 9780830850761 |
| Record control number | (DLC) 2019027287 |
| 906 ## - LOCAL DATA ELEMENT F, LDF (RLIN) | |
| a | 7 |
| b | cbc |
| c | orignew |
| d | 1 |
| e | ecip |
| f | 20 |
| g | y-gencatlg |
| 942 ## - ADDED ENTRY ELEMENTS (KOHA) | |
| Source of classification or shelving scheme | Dewey Decimal Classification |
| Koha item type | Books |
| Withdrawn status | Lost status | Source of classification or shelving scheme | Damaged status | Not for loan | Collection code | Home library | Current library | Shelving location | Date acquired | Total Checkouts | Full call number | Barcode | Date last seen | Price effective from | Koha item type |
|---|---|---|---|---|---|---|---|---|---|---|---|---|---|---|---|
| Dewey Decimal Classification | Not For Loan | Reference | Harvest Mission College | Harvest Mission College | Reference | 16.10.2024 | REF 223.8077 H467E | 013072 | 16.10.2024 | 16.10.2024 | Reference |
